000 00275nam a2200121Ia 4500
008 241002s9999 xx 000 0 und d
082 _a241.04254918 MAY
100 _aMayne, Peter
245 0 _aSaints of Sind
260 _aLondon:
_c1956
600 _aReligion
942 _cUC
999 _c18618
_d18618